LEADER 01277nam0-22004091i-450- 001 990003369670403321 005 20001010 010 $a88-238-0585-6 035 $a000336967 035 $aFED01000336967 035 $a(Aleph)000336967FED01 035 $a000336967 100 $a20001010d20002000km-y-ita-0103----ba 101 0 $aita 102 $aIT 105 $ay-------001yy 200 1 $a<>microlengua fundamental espanola$ede las areas economico-comercial, industrial, administrativa y financiera$fGraziella Francini, Gabriele Morelli 210 $aMilano$cEGEA$dc2000 215 $aX , 300 p.$d24 cm 225 1 $aLezioni e letture di lingue 700 1$aFrancini,$bGraziella$0131705 701 1$aMorelli,$bGabriele$0131141 801 0$aIT$bUNINA$gRICA$2UNIMARC 901 $aBK 912 $a990003369670403321 952 $aLNGLSP6B$b11722B$fDECBC 952 $aLNGLSP6C$b11790$fDECBC 952 $aLNGLSP6D$b13532A$fDECBC 952 $aLNGLSP6A$b11722A$fDECBC 952 $aLNGLSP6E$b13532B$fDECBC 952 $aLNGLSP6I$b13971B$fDECBC 952 $aLNGLSP6F$b13532C$fDECBC 952 $aLNGLSP6G$b13532D$fDECBC 952 $aLNGLSP6H$b13971A$fDECBC 959 $aDECBC 996 $aMicrolengua fundamental espanola$9443719 997 $aUNINA LEADER 02361nam 22004335 450 001 9910254088903321 005 20251113200054.0 010 $a3-319-47620-3 024 7 $a10.1007/978-3-319-47620-9 035 $a(CKB)3710000001118057 035 $a(MiAaPQ)EBC4826538 035 $a(DE-He213)978-3-319-47620-9 035 $a(PPN)199769346 035 $a(EXLCZ)993710000001118057 100 $a20170320d2016 u| 0 101 0 $aeng 135 $aurcnu|||||||| 181 $2rdacontent 182 $2rdamedia 183 $2rdacarrier 200 10$aMultivariable Dynamic Calculus on Time Scales /$fby Martin Bohner, Svetlin G. Georgiev 205 $a1st ed. 2016. 210 1$aCham :$cSpringer International Publishing :$cImprint: Springer,$d2016. 215 $a1 online resource (608 pages) $cillustrations 311 08$a3-319-47619-X 320 $aIncludes bibliographical references and index. 327 $a1. Time Scales -- 2. Differential Calculus of Functions of One Variable -- 3. Integral Calculus of Functions of One Variable -- 4. Partial Differentiation on Time Scales -- 5. Multiple Integration on Time Scales -- 6. Sequences and Series of Functions -- 7. Parameter-Dependent Integrals -- 8. Line Integrals -- 9. Surface Integrals -- Index. 330 $aThis book offers the reader an overview of recent developments of multivariable dynamic calculus on time scales, taking readers beyond the traditional calculus texts. Covering topics from parameter-dependent integrals to partial differentiation on time scales, the book?s nine pedagogically oriented chapters provide a pathway to this active area of research that will appeal to students and researchers in mathematics and the physical sciences. The authors present a clear and well-organized treatment of the concept behind the mathematics and solution techniques, including many practical examples and exercises. 606 $aMathematical analysis 606 $aAnalysis 615 0$aMathematical analysis. 615 14$aAnalysis. 676 $a515.352 700 $aBohner$b Martin$4aut$4http://id.loc.gov/vocabulary/relators/aut$0755985 702 $aGeorgiev$b Svetlin$4aut$4http://id.loc.gov/vocabulary/relators/aut 906 $aBOOK 912 $a9910254088903321 996 $aMultivariable Dynamic Calculus on Time Scales$92129511 997 $aUNINA LEADER 04070oas 2201477 a 450 001 9910142943803321 005 20260127110057.0 011 $a1612-1880 035 $a(DE-599)ZDB2139001-0 035 $a(OCoLC)54401500 035 $a(CONSER) 2004700261 035 $a(CKB)111073420269002 035 $a(DE-599)2139001-0 035 $a(EXLCZ)99111073420269002 100 $a20040212a20049999 sy 101 0 $aeng 135 $aurcn||||||||| 181 $ctxt$2rdacontent 182 $cc$2rdamedia 183 $acr$2rdacarrier 200 10$aChemistry & biodiversity 210 $aZu?rich $cVerlag Helvetica Chimica Acta$d©2004- 215 $a1 online resource 300 $aRefereed/Peer-reviewed 300 $aTitle from issue screen (publisher Website, viewed February 12, 2004). 311 08$a1612-1872 517 3 $aChemistry and biodiversity 606 $aBiochemistry$vPeriodicals 606 $aMolecular biology$vPeriodicals 606 $aBiodiversity$vPeriodicals 606 $aBiochemistry 606 $aBiodiversity 606 $aMolecular structure 606 $aBiochemistry 606 $aBiodiversity 606 $aMolecular Structure 606 $aMolecular Biology 606 $aBiochimie$vPe?riodiques 606 $aBiologie mole?culaire$vPe?riodiques 606 $aBiodiversite?$vPe?riodiques 606 $aBiochimie 606 $aBiodiversite? 606 $aStructure mole?culaire 606 $abiochemistry$2aat 606 $amolecular structure$2aat 606 $aMolecular structure$2fast$3(OCoLC)fst01024846 606 $aBiochemistry$2fast$3(OCoLC)fst00831961 606 $aBiodiversity$2fast$3(OCoLC)fst01429860 606 $aMolecular biology$2fast$3(OCoLC)fst01024734 606 $aBiodiversita?t$xBiochemie$vZeitschrift$vOnline-Publikation$2swd 606 $aBiochemie$xBiodiversita?t$vZeitschrift$vOnline-Publikation$2swd 606 $aBiodiversitat$2thub 606 $aBioquímica$2thub 606 $aBiologia molecular$2thub 608 $aPeriodical. 608 $aperiodicals.$2aat 608 $aPeriodicals.$2fast 608 $aPeriodicals.$2lcgft 608 $aPe?riodiques.$2rvmgf 608 $aRevistes electròniques.$2thub 615 0$aBiochemistry 615 0$aMolecular biology 615 0$aBiodiversity 615 0$aBiochemistry. 615 0$aBiodiversity. 615 0$aMolecular structure. 615 12$aBiochemistry. 615 22$aBiodiversity. 615 22$aMolecular Structure. 615 22$aMolecular Biology. 615 6$aBiochimie 615 6$aBiologie mole?culaire 615 6$aBiodiversite? 615 6$aBiochimie. 615 6$aBiodiversite?. 615 6$aStructure mole?culaire. 615 7$abiochemistry. 615 7$amolecular structure. 615 7$aMolecular structure. 615 7$aBiochemistry. 615 7$aBiodiversity. 615 7$aMolecular biology. 615 7$aBiodiversita?t$xBiochemie 615 7$aBiochemie$xBiodiversita?t 615 7$aBiodiversitat. 615 7$aBioquímica. 615 7$aBiologia molecular. 712 02$aVirginia Commonwealth University.$bCenter for the Study of Biological Complexity, 801 0$bOUN 801 1$bOUN 801 2$bOCLCQ 801 2$bTJC 801 2$bEEM 801 2$bMUQ 801 2$bOCL 801 2$bIUL 801 2$bSZ9XM 801 2$bOCLCQ 801 2$bUKMGB 801 2$bOCLCQ 801 2$bOCLCO 801 2$bOCLCF 801 2$bOCLCO 801 2$bVT2 801 2$bOCLCQ 801 2$bNLE 801 2$bOCLCQ 801 2$bEZC 801 2$bAUD 801 2$bOCLCQ 801 2$bNJT 801 2$bADU 801 2$bSFB 801 2$bCNMTR 801 2$bBWN 801 2$bOCLCQ 801 2$bOCLCO 801 2$bOCL 801 2$bOCLCQ 801 2$bUBY 801 2$bUAB 801 2$bOCLCQ 906 $aJOURNAL 912 $a9910142943803321 996 $aChemistry & biodiversity$9796863 997 $aUNINA